Introduction to cosmology / (Record no. 19165)

MARC details
000 -LEADER
fixed length control field 01043cam a22003371i 4500
001 - CONTROL NUMBER
control field 016560452
003 - CONTROL NUMBER IDENTIFIER
control field EG-ScBUE
005 - DATE AND TIME OF LATEST TRANSACTION
control field 20250113154656.0
008 - FIXED-LENGTH DATA ELEMENTS--GENERAL INFORMATION
fixed length control field 131204t2014 enka f b 001 0 eng d
020 ## - INTERNATIONAL STANDARD BOOK NUMBER
International Standard Book Number 9781292039718
020 ## - INTERNATIONAL STANDARD BOOK NUMBER
International Standard Book Number 129203971X
040 ## - CATALOGING SOURCE
Original cataloging agency Uk
Language of cataloging eng
Description conventions rda
Transcribing agency Uk
Modifying agency EG-ScBUE
082 04 - DEWEY DECIMAL CLASSIFICATION NUMBER
Classification number 523.1
Item number RYD
Edition number 22
100 1# - MAIN ENTRY--PERSONAL NAME
Personal name Ryden, Barbara Sue,
Relator term author.
9 (RLIN) 37588
245 10 - TITLE STATEMENT
Title Introduction to cosmology /
Statement of responsibility, etc Barbara Ryden.
250 ## - EDITION STATEMENT
Edition statement First edition.
250 ## - EDITION STATEMENT
Edition statement Pearson new international edition.
264 #1 - PUBLICATION, DISTRIBUTION, ETC. (IMPRINT)
Place of publication, distribution, etc Harlow, England :
Name of publisher, distributor, etc Pearson Edutcation Limited,
Date of publication, distribution, etc [2014]
264 #4 - PUBLICATION, DISTRIBUTION, ETC. (IMPRINT)
Date of publication, distribution, etc c2014
300 ## - PHYSICAL DESCRIPTION
Extent ii, 256 pages :
Other physical details illustrations ;
Dimensions 28 cm.
336 ## - CONTENT TYPE
Source rdacontent
Content type term text
Content type code txt
337 ## - MEDIA TYPE
Media type term unmediated
Source rdamedia
Media type code n
338 ## - CARRIER TYPE
Carrier type term volume
Carrier type code nc
Source rdacarrier
490 0# - SERIES STATEMENT
Series statement Pearson custom library
490 0# - SERIES STATEMENT
Series statement Always learning
504 ## - BIBLIOGRAPHY, ETC. NOTE
Bibliography, etc Includes bibliographical references and index.<br/>
650 #7 - SUBJECT ADDED ENTRY--TOPICAL TERM
Topical term or geographic name as entry element Cosmology.
Source of heading or term BUEsh
9 (RLIN) 37498
653 ## - INDEX TERM--UNCONTROLLED
Resource For college Engineering, General
Arrived date list April2015
655 ## - INDEX TERM--GENRE/FORM
Form subdivision Reading book
9 (RLIN) 34232
942 ## - ADDED ENTRY ELEMENTS (KOHA)
Source of classification or shelving scheme Dewey Decimal Classification
Koha item type Book - Borrowing
Holdings
Withdrawn status Lost status Source of classification or shelving scheme Damaged status Not for loan Collection code Home library Current library Shelving location Date acquired Source of acquisition Cost, normal purchase price Total Checkouts Total Renewals Full call number Barcode Date last seen Date checked out Cost, replacement price Koha item type
    Dewey Decimal Classification     Baccah Central Library Central Library First floor 06/04/2015   270.00 5 13 523.1 RYD 000037934 05/03/2026 02/02/2026 338.00 Book - Borrowing